The Art of Living/ (Record no. 199944)

MARC details
000 -LEADER
fixed length control field 00714nam a22002057a 4500
005 - DATE AND TIME OF LATEST TRANSACTION
control field 20240321111528.0
010 ## - LCCN (DPL NO)
LC control number B-756724-728 ENG-139843
020 ## - INTERNATIONAL STANDARD BOOK NUMBER
International Standard Book Number 9789394369696
Terms of availability 350.00
035 ## - SYSTEM CONTROL NUMBER
System control number B-756724-728
035 ## - SYSTEM CONTROL NUMBER
System control number EN-123375
037 ## - SOURCE OF ACQUISITION
Stock number Prakhar Goonj Publication
082 ## - DEWEY DECIMAL CLASSIFICATION NUMBER
Classification number 174
100 ## - MAIN ENTRY--PERSONAL NAME
Personal name Bharti, I.J
245 ## - TITLE STATEMENT
Title The Art of Living/
Statement of responsibility, etc By I.J Bharti
260 ## - PUBLICATION, DISTRIBUTION, ETC. (IMPRINT)
Place of publication, distribution, etc New Delhi
Name of publisher, distributor, etc Prakhar Goonj Publication
Date of publication, distribution, etc 2022
270 ## - ADDRESS
Address 672/13, Urban Estate Karnal
City Haryana
Postal code 132001
300 ## - PHYSICAL DESCRIPTION
Extent 172p.
Dimensions 21cm(Pbk)
942 ## - ADDED ENTRY ELEMENTS (KOHA)
Source of classification or shelving scheme Dewey Decimal Classification
Item type English Books
Classification part 174
Call number suffix BHA
Holdings
Withdrawn status Lost status Not for loan Collection code Home library Current library Date acquired Source of acquisition Cost, normal purchase price Full call number Barcode Copy number Cost, replacement price Koha item type
      Non-fiction Ashok Vihar Ashok Vihar 05/01/2024 Prakhar Goonj Publication/PG/5.12.23/47/23.11.23/7.12.23 350.00 174 BHA B-756725 1 350.00 English Books
      Non-fiction Bawana Bawana 05/01/2024 Prakhar Goonj Publication/PG/5.12.23/47/23.11.23/7.12.23 350.00 174 BHA B-756727 1 350.00 English Books
      Non-fiction Central Library Central Library 05/01/2024 Prakhar Goonj Publication/PG/5.12.23/47/23.11.23/7.12.23 350.00 174 BHA B-756724 1 350.00 English Books
      Non-fiction Narela Narela 21/03/2024 DBAD 350.00 174 BHA EN-123375 1 350.00 English Books
      Non-fiction Patel Nagar Patel Nagar 05/01/2024 Prakhar Goonj Publication/PG/5.12.23/47/23.11.23/7.12.23 350.00 174 BHA B-756726 1 350.00 English Books
      Non-fiction Shahdara Branch Shahdara Branch 05/01/2024 Prakhar Goonj Publication/PG/5.12.23/47/23.11.23/7.12.23 350.00 174 BHA B-756728 1 350.00 English Books

© Delhi Public Library
Hit Counter
free hit counter